000 00992nas a2200325 4500
001 BR9002326
003 BR-BrBNA
005 20231205091851.0
007 ta
008 230509b bl.|||p| |||| 00| 00por d
040 _aBR-BrBNA
_bpor
_cBiblioteca Nacional de Agricultura
041 _a(Pt)
072 _aH50; F61
100 1 _aMachado, E.C.
100 1 _aPereira, A.R.
245 1 _aEficiencia de conversao e coeficiente de manutencao da planta inteira, das raizes e da parte aerea em milho e arroz submetidos ao estresse de aluminio
650 _aMILHO
650 _aARROZ
650 _aALUMINIO
650 _aSTRESS
650 _aCARBONO
650 _aMETABOLISMO
650 _aFOTOSSINTESE
650 _aRESPIRACAO
650 _aCRESCIMENTO
650 _aVARIEDADE RESISTENTE
773 0 _tPesquisa Agropecuaria Brasileira (Brazil)
_xISSN 0100-204X
_g(Jun 1990), v. 25(6) p. 845-855
_wBR9002326
909 _a202311
_bLúcia
_c55
_dLúcia Elande
942 _2AGRIS
_n0
_cANA
999 _c127842
_d127842